LEADER 01752nam a2200397 i 4500 001 991001223939707536 005 20020507185530.0 008 940214s1987 it ||| | ita 020 $a8838606021 035 $ab10817876-39ule_inst 035 $aLE01308944$9ExL 040 $aDip.to Matematica$beng 082 0 $a519.4 084 $aAMS 68N 084 $aAMS 68N15 100 1 $aLecarme, Olivier$013845 245 10$aPascal guida per programmatori /$cOlivier Lecarme, Jean-Louis Nebut 260 $aMilano :$bMcGraw-Hill Libri Italia,$c1987 300 $a290 p. ;$c23 cm. 500 $aOrig. Engl. ed. 1984 650 0$aComputer science 650 4$aPascal 650 4$aProgramming languages 650 4$aSoftware 700 1 $aNebut, Jean-Louis$eauthor$4http://id.loc.gov/vocabulary/relators/aut$013846 907 $a.b10817876$b24-09-14$c28-06-02 912 $a991001223939707536 945 $aLE013 68N LEC11 (1987)$g1$i2013000074641$lle013$o-$pE0.00$q-$rn$s- $t1$u0$v0$w0$x0$y.i10924607$z28-06-02 945 $aLE025 ECO 005 LEC01.01 $g1$i2025000196704$lle025$o-$pE0.00$q-$rl$s- $t0$u0$v0$w0$x0$y.i14551068$z13-09-07 945 $aLE025 ECO 005 LEC01.01 $g2$i2025000196681$lle025$o-$pE0.00$q-$rl$s- $t0$u0$v0$w0$x0$y.i1455107x$z13-09-07 945 $aLE025 ECO 005 LEC01.01 $g3$i2025000196698$lle025$o-$pE0.00$q-$rl$s- $t0$u0$v0$w0$x0$y.i14551081$z13-09-07 945 $aLE025 ECO 005 LEC01.01 $g4$i2025000196650$lle025$o-$pE0.00$q-$rl$s- $t0$u0$v0$w0$x0$y.i1455110x$z13-09-07 945 $aLE025 ECO 005 LEC01.01 $g5$i2025000196599$lle025$o-$pE0.00$q-$rl$s- $t0$u0$v0$w0$x0$y.i14551111$z13-09-07 996 $aPascal$9118398 997 $aUNISALENTO 998 $ale013$ale025$b01-01-94$cm$da $e-$fita$git $h0$i1 LEADER 02071oam 2200589I 450 001 9910707788903321 005 20170411091702.0 035 $a(CKB)5470000002466656 035 $a(OCoLC)961211097 035 $a(EXLCZ)995470000002466656 100 $a20161026d2014 ua 0 101 0 $aeng 135 $aurmn||||||||| 181 $ctxt$2rdacontent 182 $cc$2rdamedia 183 $acr$2rdacarrier 200 10$aAssessing the impacts of the Deepwater Horizon oil spill on tourism in the Gulf of Mexico region /$fLou Nadeau [and four others] 210 1$aNew Orleans, LA :$cU.S. Department of the Interior, Bureau of Ocean Energy Management, Gulf of Mexico OCS Region,$d2014. 215 $a1 online resource (xi, 188 pages) $cillustrations (chiefly color), maps 225 1 $aOCS study ;$vBOEM 2014-661 300 $a"September 2014." 320 $aIncludes bibliographical references (pages 71-72). 606 $aBP Deepwater Horizon Explosion and Oil Spill, 2010$xEconomic aspects 606 $aTourism$zGulf States 606 $aTourism$zMexico, Gulf of 606 $aOil spills$zGulf States$xClaims 606 $aEconomics$2fast 606 $aOil spills$2fast 606 $aTourism$2fast 607 $aGulf of America$2fast 607 $aUnited States$zGulf States$2fast 608 $aClaims.$2fast 615 0$aBP Deepwater Horizon Explosion and Oil Spill, 2010$xEconomic aspects. 615 0$aTourism 615 0$aTourism 615 0$aOil spills$xClaims. 615 7$aEconomics. 615 7$aOil spills. 615 7$aTourism. 700 $aNadeau$b Lou$01398497 712 02$aUnited States.$bBureau of Ocean Energy Management.$bGulf of Mexico OCS Region, 712 02$aEastern Research Group, Inc. 801 0$bGPO 801 1$bGPO 801 2$bGPO 801 2$bOCLCF 801 2$bCUT 801 2$bGPO 906 $aBOOK 912 $a9910707788903321 996 $aAssessing the impacts of the Deepwater Horizon oil spill on tourism in the Gulf of Mexico region$93461882 997 $aUNINA